000 01092nam a2200289 a 4500
001 26789
003 BD-RjUL
005 20211209051052.0
008 140323s1979 dcu 000 0 eng d
020 _a0819105589
035 _a(BD-RjUL)26860
040 _aDLC
_cMnU
_beng
_dBD-RjUL
041 _aeng
082 _a954.145
_bRAE 1979
100 1 _aRahman, Mizanur.
_982332
245 1 0 _aEmergence of a new nation in a multi-polar world :
_bBangladesh /
_cby Mizanur Rahman
260 _aWashington, D.C :
_bUniversity Press of America,
_cc1978
300 _ax, 189 p. ;
_c23 cm
490 1 _aInternational studies series / Center for International Studies, North Carolina Central University
504 _aBibliography: p. 177-189
651 0 _aBangladesh
_xForeign relations
_982333
651 0 _aBangladesh
_xHistory
_982334
710 1 _aNorth Carolina Central University.
_bCenter for International Studies.
_982335
830 0 _aInternational studies series (North Carolina Central University. Center for International Studies)
_982336
942 _2ddc
_cBK
999 _c26789
_d26789